Statistics for The Walking Dead Characters Season 1

Click here to take the quiz!

General Stats

  • This quiz has been taken 388 times
  • The average score is 18 of 23

Answer Stats

HintAnswer% Correct
The Sheriff and Main CharacterRick Grimes
95%
The Sheriff's SonCarl Grimes
94%
He's KoreanGlenn Rhee
94%
The Sheriff's WifeLori Grimes
93%
Abused Wife And MotherCarol Peletier
92%
Crossbow Using RedneckDaryl Dixon
91%
Blonde Haired Girl Who Knows About The Safety NowAndrea
90%
Owns The RVDale Horvath
90%
Sister of ^Amy
89%
Brother of ^. Cuts Off His Right HandMerle Dixon
89%
Daughter of ^Sophia Peletier
89%
His Full Name is "Theodore Douglas"T Dog
89%
Abused ^, Also Got Beat Up By ShaneEd Peletier
87%
He and His Son Save The SheriffMorgan Jones
85%
The Sheriff's Possible DaughterJudith Grimes
81%
His Son^Duane Jones
75%
The Sheriff's Best FriendShane Walsh
75%
Doctor At The CDCEdwin Jenner
74%
Mechanic; Lost His Entire FamilyJim
73%
She Was An Atlanta Real Estate AgentJacqui
68%
Mexican Man Who Leaves The Group In Season 1Morales
64%
AI Computer Assistant At The CDCVi
34%
Deceased Wife of ^Candace Jenner
18%

Score Distribution

Percentile by Number Answered

Percent of People with Each Score

Your Score History

You have not taken this quiz